| 000 | 03135cam a22005054i 4500 | ||
|---|---|---|---|
| 003 | PE-LiUPU | ||
| 005 | 20250731172901.0 | ||
| 008 | 170110s2016 xxu rb 001 0 eng d | ||
| 020 | _a1628371331 | ||
| 020 | _a9781628371338 | ||
| 035 | _a(Sirsi) a165919 | ||
| 040 |
_aPE-LiUPU _bspa _cPE-LiUPU _erda |
||
| 049 | _aPRUA | ||
| 082 | 0 | 4 |
_a225.67 _bA5 _223 |
| 245 | 0 | 3 |
_aAn introduction to empire in the New Testament/ _cedited by Adam Winn. |
| 264 | 1 |
_aAtlanta : _bSBL Press, _c2016. |
|
| 300 |
_a348 páginas ; _c23 centimetros. |
||
| 336 |
_atext _2rdacontent |
||
| 337 |
_aunmediated _2rdamedia |
||
| 338 |
_avolume _2rdacarrier |
||
| 490 | 0 |
_aResources for biblical study ; _vNumber 84 |
|
| 504 | _aBibliografía : páginas 297-319. | ||
| 504 | _aÍndices: páginas 249-348. | ||
| 505 | 0 |
_atStriking back at the empire: empire theory and responses to empire in the New Testament / _rAdam Winn -- _tPeace, security, and propaganda: advertisement and reality in the early Roman Empire / _rBruce W. Longenecker -- _tJesus-in-Movement and the Roman imperial (dis)order / _rRichard A. Horsley -- _tAn imperial-critical reading of Matthew / _rWarren Carter --The Gospel of Mark: a response to imperial propaganda / _rAdam Winn -- _tCrafting colonial identities: hybridity and the Roman Empire in Luke-Acts / _rEric D. Barreto -- _tThe fourth gospel, romanization, and the role of women / _rBeth M. Sheppard -- _tPaul and Empire 1: Romans, 1 Corinthians, 2 Corinthians / _rNeil Elliot -- Paul and empire 2: negotiating the seduction of imperial "peace and security" in Galatians, Thessalonians, and Philippians / _rJames R. Harrison -- _tColossians, Ephesians, and empire / _rHarry O. Maier -- _tConstruing and containing an imperial Paul: rhetoric and the politics of representation in the pastoral epistles / _rDeborah Krause -- _tResisting empire in Hebrews / _rJason A. Whitlark -- _tEmpire in James: the crown of life / _rMatthew Ryan Hauge -- _tConfronting Roman imperial claims: following the footsteps (and the narrative) of 1 Peter's eschatological Davidic shepher / _rKelly D. Liebengood -- _tVictory and visibility: revelation's imperial textures and monumental logics / _rDavina C. Lopez. |
|
| 526 | _aSEG42 | ||
| 526 | _aSEG41 | ||
| 526 | _aSEG40 | ||
| 526 | _aSEG39 | ||
| 526 | _aP94 | ||
| 526 | _aP87 | ||
| 526 | _aP86 | ||
| 526 | _aP85 | ||
| 526 | _aP77 | ||
| 526 | _aP76 | ||
| 526 | _aP35 | ||
| 650 | 0 | 4 |
_aRELIGION / Estudios Bíblicos / Nuevo Testamento _2bisacsh |
| 650 | 0 | 4 |
_aRoma en la Biblia. _2fast 0 (OCoLC) fst01100151 |
| 700 | 1 |
_aWinn, Adam, _d1976- , _eeditor. |
|
| 910 |
_ajck _bjvq _cjck _d20170110. |
||
| 942 |
_2ddc _cBOOK |
||
| 949 |
_a225.67 A5 _wDEWEY _c1 _i75512 _lCATALOGING _mBUL _p38.00 _r0 _sY _tBOOK _u2017-01-10 _xTEOLOGIA _zPOSGRADO TEOLOGÍA _0COMPRA _o.CIRCNOTE. El documento es de alto precio. _o.STAFF. Colección Teología |
||
| 596 | _a1 | ||
| 999 |
_a225.67 A5 _wLC _c14655 _i75512 _d14655 _f2021-11-9 _g5 _lCCODEBUL1 _mBUL _p38.00 _q1 _r0 _sY _tBOOK _u2017-1-10 _xTEOLOGIA _PP85 _0COMPRA _o.STAFF. Colección Teología |
||
| 980 |
_81 _gALBERTO SANCHEZ Responsable de Automatización |
||